[Event "Asian Nations Cup w 2016"]
[Site "Abu Dhabi UAE"]
[Date "2016.03.28"]
[Round "1.1"]
[White "Saduakassova, Dinara"]
[Black "Ju, Wenjun"]
[Result "1/2-1/2"]
[WhiteTitle "WGM"]
[BlackTitle "GM"]
[WhiteElo "2411"]
[BlackElo "2568"]
[WhiteTeam "Kazakhstan"]
[BlackTeam "China"]
[WhiteFideId "13700090"]
[BlackFideId "8603006"]
[EventDate "2016.03.28"]
[EventType "team"]

1. d4 Nf6 2. c4 e6 3. Nf3 d5 4. Nc3 dxc4 5. e4 Bb4 6. Bg5 c5 7. Bxc4 cxd4 8.
Nxd4 Qa5 9. Bd2 Qc5 10. Bb5+ Bd7 11. Nb3 Qe7 12. Qe2 O-O 13. Bd3 e5 14. a3 Bxc3
15. Bxc3 Nc6 16. O-O Be6 17. Na5 Nxa5 18. Bxa5 Rfc8 19. Rac1 Rxc1 20. Rxc1 Rc8
21. Rxc8+ Bxc8 22. Qc2 Be6 23. Qc3 Nd7 24. Bb4 Qd8 25. h3 h6 26. Bd6 Kh7 27. Bb5
f6 28. Bc4 Bxc4 29. Qxc4 Nb6 30. Qe6 Nc4 31. Qxc4 Qxd6 32. Qc8 Qd2 33. Qf5+ Kh8
34. Qc8+ Kh7 35. Qf5+ 1/2-1/2

[Event "Asian Nations Cup w 2016"]
[Site "Abu Dhabi UAE"]
[Date "2016.03.28"]
[Round "1.2"]
[White "Zhao, Xue"]
[Black "Abdumalik, Zhansaya"]
[Result "1/2-1/2"]
[WhiteTitle "GM"]
[BlackTitle "WGM"]
[WhiteElo "2504"]
[BlackElo "2381"]
[WhiteTeam "China"]
[BlackTeam "Kazakhstan"]
[WhiteFideId "8601283"]
[BlackFideId "13703544"]
[EventDate "2016.03.28"]
[EventType "team"]

1. d4 Nf6 2. c4 g6 3. Nc3 d5 4. Bg5 Bg7 5. Bxf6 Bxf6 6. cxd5 c5 7. dxc5 Nd7 8.
e3 Qa5 9. Ne2 Nxc5 10. Nd4 O-O 11. Bc4 Qb4 12. Bb3 a5 13. O-O Bd7 14. Rb1 Bxd4
15. exd4 Nxb3 16. axb3 Ra6 17. Ra1 Rb6 18. Re1 Re8 19. Ne4 Bf5 20. Nc5 Rd6 21.
Qf3 h5 22. h3 Kg7 23. Rad1 Qb5 24. Re5 b6 25. Nb7 Rf6 26. d6 Qd7 27. Rc1 exd6
28. Rxe8 Qxe8 29. Qc6 Qxc6 30. Rxc6 Be4 31. Rxb6 Bxb7 32. Rxb7 Rf4 33. d5 Rd4
34. Rb5 Rd1+ 35. Kh2 Rd2 36. f3 Rxb2 37. Rxa5 Rxb3 38. Ra6 Rd3 39. Rxd6 Kf8 40.
h4 Ke7 41. Ra6 Rxd5 42. Kg3 Rd4 43. Rb6 1/2-1/2

[Event "Asian Nations Cup w 2016"]
[Site "Abu Dhabi UAE"]
[Date "2016.03.28"]
[Round "1.3"]
[White "Davletbayeva, Madina"]
[Black "Lei, Tingjie"]
[Result "0-1"]
[WhiteTitle "WIM"]
[BlackTitle "WGM"]
[WhiteElo "2295"]
[BlackElo "2495"]
[WhiteTeam "Kazakhstan"]
[BlackTeam "China"]
[WhiteFideId "13703595"]
[BlackFideId "8605114"]
[EventDate "2016.03.28"]
[EventType "team"]

1. e4 c5 2. Nf3 e6 3. d4 cxd4 4. Nxd4 Nc6 5. Nc3 Qc7 6. g3 a6 7. Bg2 h5 8. O-O
h4 9. Re1 hxg3 10. hxg3 Ne5 11. a4 Bc5 12. Bf4 d6 13. Nb3 Ba7 14. Be3 Bxe3 15.
Rxe3 Nf6 16. Ne2 Qe7 17. Rc3 O-O 18. Qd2 Rd8 19. Rd1 Bd7 20. Rc7 d5 21. Na5 Nxe4
22. Bxe4 dxe4 23. Qf4 Nf3+ 24. Kh1 e5 25. Qxe4 Bh3 26. Rxd8+ Rxd8 27. Qxf3 Qxc7
28. b4 Qxc2 29. Kh2 Bf1 30. Nc3 Rd3 0-1

[Event "Asian Nations Cup w 2016"]
[Site "Abu Dhabi UAE"]
[Date "2016.03.28"]
[Round "1.4"]
[White "Guo, Qi"]
[Black "Dauletova, Gulmira"]
[Result "1-0"]
[WhiteTitle "IM"]
[BlackTitle "WIM"]
[WhiteElo "2435"]
[BlackElo "2269"]
[WhiteTeam "China"]
[BlackTeam "Kazakhstan"]
[WhiteFideId "8604002"]
[BlackFideId "13702971"]
[EventDate "2016.03.28"]
[EventType "team"]

1. d4 Nf6 2. Nf3 d5 3. c4 e6 4. Nc3 Bb4 5. cxd5 exd5 6. Bf4 O-O 7. e3 c5 8. dxc5
Ne4 9. Rc1 Qa5 10. Bd3 Na6 11. O-O Bxc3 12. bxc3 Naxc5 13. Bb1 Be6 14. Qd4 Rfd8
15. Qb4 Qa6 16. Nd4 Rac8 17. Rfd1 Nd6 18. Nb3 Qb6 19. Bxd6 Rxd6 20. Qh4 h6 21.
Nd4 Qd8 22. Qf4 Rd7 23. h4 a6 24. Nf3 b5 25. Ne5 Rd6 26. Bc2 Qe7 27. Qd4 Rdd8
28. a4 Qc7 29. axb5 axb5 30. h5 Rb8 31. Rb1 Rdc8 32. Rdc1 Qe7 33. Nf3 Qd7 34.
Qf4 Qc7 35. Qxc7 Rxc7 36. Nd4 Bd7 37. f3 Kf8 38. Ne2 Be6 39. Rb2 Ke7 40. Rcb1
Bd7 41. Nf4 Bc6 42. Ra2 Nd7 43. Kf2 Nf6 44. g4 Bd7 45. Ne2 Be6 46. Rab2 Rc5 47.
Bd3 Bd7 48. Ra2 Rb7 49. Ra5 Ne8 50. Rba1 Nd6 51. Ra7 Rcc7 52. Rxb7 Rxb7 53. Nd4
b4 54. cxb4 Rxb4 55. Ra5 Rb2+ 56. Kg3 Be6 57. Kf4 Rb7 58. Ra6 Ne8 59. Ra8 Nf6
60. Bf5 Rc7 61. Bxe6 fxe6 62. Ra6 Kf7 63. Rxe6 Rd7 64. Ra6 Rc7 65. Nf5 Rd7 66.
Ke5 Rc7 67. Nxh6+ Ke7 68. Nf5+ Kf7 69. h6 Nd7+ 1-0

[Event "Asian Nations Cup w 2016"]
[Site "Abu Dhabi UAE"]
[Date "2016.03.28"]
[Round "1.1"]
[White "Ranasinghe, S D"]
[Black "Pham, Le Thao Nguyen"]
[Result "1/2-1/2"]
[WhiteTitle "WIM"]
[BlackTitle "IM"]
[WhiteElo "1740"]
[BlackElo "2335"]
[WhiteTeam "Sri Lanka"]
[BlackTeam "Vietnam"]
[WhiteFideId "9902651"]
[BlackFideId "12401226"]
[EventDate "2016.03.28"]
[EventType "team"]

1. Nf3 Nf6 2. b3 d5 3. Bb2 Bf5 4. c4 e6 5. g3 h6 6. Bg2 Be7 7. O-O O-O 8. d3 c6
9. Nbd2 Nbd7 10. Re1 Bh7 11. a3 a5 12. Bc3 Qb6 13. b4 Ng4 14. c5 Qc7 15. h3 Ngf6
16. Nb3 axb4 17. axb4 e5 18. d4 Ne4 19. Bb2 exd4 20. Bxd4 Rfe8 21. Nfd2 Bf6 22.
Nxe4 dxe4 23. Rxa8 Rxa8 24. Na5 Rd8 25. Bxf6 Nxf6 26. Qb3 Qd7 27. Nc4 Bf5 28.
Nd6 Be6 29. Qe3 Bxh3 30. Bxe4 Nxe4 31. Qxe4 b6 32. Ra1 Be6 33. Qh4 Rb8 34. Qf4
Qc7 35. Qd4 bxc5 36. Qxc5 Qb6 37. Ra8 Kh7 38. Rxb8 Qxb8 39. e4 Qa8 40. Kg2 Qa3
41. Qxc6 Qxb4 42. Nf5 g6 43. Ne3 h5 44. Nc2 Qd2 45. Ne3 Qd4 46. Qb7 Qd3 47. Qc6
Qb1 48. Qc2 Qb5 49. Qd1 Qe5 50. Qf3 1/2-1/2

[Event "Asian Nations Cup w 2016"]
[Site "Abu Dhabi UAE"]
[Date "2016.03.28"]
[Round "1.2"]
[White "Hoang, Thi Bao Tram"]
[Black "Udupitiya, U G S S S"]
[Result "1-0"]
[WhiteTitle "WGM"]
[WhiteElo "2283"]
[BlackElo "1709"]
[WhiteTeam "Vietnam"]
[BlackTeam "Sri Lanka"]
[WhiteFideId "12401102"]
[BlackFideId "9904921"]
[EventDate "2016.03.28"]
[EventType "team"]

1. d4 Nf6 2. Nf3 e6 3. e3 b6 4. Bd3 d5 5. O-O Be7 6. c4 O-O 7. cxd5 Nxd5 8. e4
Nf6 9. Qc2 h6 10. Nc3 Bb7 11. Bf4 Na6 12. Qe2 Nb4 13. Bc4 c5 14. dxc5 Bxc5 15.
a3 Nc6 16. Rfd1 Qc8 17. b4 Be7 18. Rac1 Rd8 19. e5 Rxd1+ 20. Rxd1 Ne8 21. Nb5 a5
22. Nd6 Qc7 23. Nxb7 Qxb7 24. Bd3 Rc8 25. Ba6 Qb8 26. Bxc8 Qxc8 27. b5 Nb8 28.
Rc1 Bc5 29. Be3 Nd7 30. Qd3 Nc7 31. Bxc5 Nxc5 32. Qd6 Nd5 33. Rc4 Qe8 34. Nd4
Qe7 35. Qxe7 Nxe7 36. Nc6 Nd5 37. Nxa5 Nd3 38. Nc6 Kf8 39. Ra4 g5 40. Ra7 Kg7
41. a4 Nc3 42. a5 bxa5 43. b6 Nc5 44. Rxa5 Nb7 45. Ra7 Nc5 46. Nd8 Nd5 47. Rxf7+
Kg6 48. b7 Nxb7 49. Rxb7 Kf5 50. Rh7 Kg6 51. Rd7 Kf5 52. Nc6 Kg6 53. g4 h5 54.
h3 hxg4 55. hxg4 Nf4 56. Nd4 Nh3+ 57. Kg2 Nf4+ 58. Kf3 Kh6 59. Nxe6 Nxe6 60. Rd6
Kg7 61. Rxe6 Kf7 62. Ra6 Ke7 63. Ke4 Kf7 64. Kf5 Ke7 65. Ra7+ Kf8 66. Ke6 Ke8
67. Rb7 1-0

[Event "Asian Nations Cup w 2016"]
[Site "Abu Dhabi UAE"]
[Date "2016.03.28"]
[Round "1.3"]
[White "Wickramasinghe, Dilhara Ishini"]
[Black "Nguyen, Thi Mai Hung"]
[Result "0-1"]
[WhiteTitle "WFM"]
[BlackTitle "WGM"]
[WhiteElo "1757"]
[BlackElo "2282"]
[WhiteTeam "Sri Lanka"]
[BlackTeam "Vietnam"]
[WhiteFideId "9906738"]
[BlackFideId "12401676"]
[EventDate "2016.03.28"]
[EventType "team"]

1. d4 d5 2. c4 c6 3. Nc3 e6 4. e4 dxe4 5. Nxe4 Bb4+ 6. Nc3 Nf6 7. a3 Be7 8. Nf3
O-O 9. Bd3 b6 10. O-O Bb7 11. Bc2 c5 12. Qd3 cxd4 13. Nxd4 Nc6 14. Nxc6 Bxc6 15.
Qh3 Qd4 16. b3 Rfd8 17. Rd1 Qe5 18. Bb2 Bc5 19. Rab1 Qf4 20. Qg3 Qxg3 21. hxg3
Ng4 22. Ne4 Rxd1+ 23. Rxd1 Bxe4 24. Bxe4 Nxf2 25. Bxa8 Nxd1+ 26. Kf1 Nxb2 27.
Ke2 Bxa3 28. Kd2 Bd6 29. Kc2 Be5 30. Be4 a5 31. Bc6 0-1

[Event "Asian Nations Cup w 2016"]
[Site "Abu Dhabi UAE"]
[Date "2016.03.28"]
[Round "1.4"]
[White "Hoang, Thi Nhu Y"]
[Black "Mendis, Dasuni Hansika"]
[Result "1-0"]
[WhiteTitle "WIM"]
[BlackTitle "WCM"]
[WhiteElo "2247"]
[BlackElo "1739"]
[WhiteTeam "Vietnam"]
[BlackTeam "Sri Lanka"]
[WhiteFideId "12401455"]
[BlackFideId "9907696"]
[EventDate "2016.03.28"]
[EventType "team"]

1. d4 Nf6 2. c4 e6 3. Nf3 b6 4. g3 Bb4+ 5. Bd2 Bxd2+ 6. Nbxd2 Bb7 7. Bg2 O-O 8.
Qc2 d6 9. O-O Qe7 10. e4 e5 11. d5 Nbd7 12. Nh4 g6 13. Bh3 Bc8 14. b4 Nh5 15.
Rfc1 Ndf6 16. Bg2 Ng4 17. h3 Nh6 18. c5 f5 19. cxd6 cxd6 20. Qc7 Qf6 21. Nhf3
Rf7 22. Qc4 Ng7 23. a4 Qe7 24. a5 bxa5 25. bxa5 Ne8 26. Rab1 Nc7 27. Qb4 Na6 28.
Qc3 Bb7 29. h4 Rc8 30. Qe3 f4 31. Qxa7 Nc5 32. Ng5 Rg7 33. Bh3 Ra8 34. Qxa8+
Bxa8 35. Rb8+ Qf8 36. Rxf8+ Kxf8 37. Rxc5 dxc5 38. Ne6+ Kf7 39. Nxg7 Kxg7 40. a6
Nf7 41. Nc4 1-0

[Event "Asian Nations Cup w 2016"]
[Site "Abu Dhabi UAE"]
[Date "2016.03.28"]
[Round "1.1"]
[White "Al-Harmoudi, Mona"]
[Black "Kurbonboeva, Sarvinoz"]
[Result "0-1"]
[WhiteTitle "WIM"]
[BlackTitle "WIM"]
[WhiteElo "1694"]
[BlackElo "2172"]
[WhiteTeam "UAE - 2"]
[BlackTeam "Uzbekistan"]
[WhiteFideId "9301631"]
[BlackFideId "14201780"]
[EventDate "2016.03.28"]
[EventType "team"]

1. d4 Nf6 2. Nf3 g6 3. g3 Bg7 4. Bg2 O-O 5. O-O d6 6. c4 Nbd7 7. Qc2 e5 8. Rd1
Qe7 9. e4 a5 10. Nc3 c6 11. b3 exd4 12. Nxd4 Nc5 13. Bb2 Re8 14. Re1 Bd7 15.
Rad1 Rad8 16. Qe2 Bg4 17. f3 Bc8 18. Nc2 h5 19. e5 Nh7 20. Na4 Nxa4 21. bxa4
dxe5 22. Rxd8 Qxd8 23. Kh1 Bd7 24. Rd1 Qc7 25. Ba3 Bf8 26. Qd3 Bf5 27. Bd6 Bxd6
28. Qxd6 Qxd6 29. Rxd6 Bxc2 30. Rd7 Rb8 31. Re7 f6 32. f4 exf4 33. gxf4 Bxa4 34.
Kg1 Bc2 35. Kf2 Bf5 36. Ke3 Nf8 0-1

[Event "Asian Nations Cup w 2016"]
[Site "Abu Dhabi UAE"]
[Date "2016.03.28"]
[Round "1.2"]
[White "Gevorgyan, Irina"]
[Black "Shaikha, Abdallah Aldhaheri"]
[Result "1-0"]
[WhiteTitle "WIM"]
[WhiteElo "2281"]
[BlackElo "1587"]
[WhiteTeam "Uzbekistan"]
[BlackTeam "UAE - 2"]
[WhiteFideId "14201437"]
[BlackFideId "9305343"]
[EventDate "2016.03.28"]
[EventType "team"]

1. d4 Nf6 2. Nf3 g6 3. c4 c5 4. Nc3 cxd4 5. Nxd4 Nc6 6. e4 d6 7. Be2 Bg7 8. Be3
O-O 9. O-O Bd7 10. Rc1 b6 11. f3 Nxd4 12. Bxd4 Be6 13. Qd2 Nd7 14. Bf2 Ne5 15.
Nd5 Rc8 16. b3 Nc6 17. Rfe1 f6 18. Bd3 Bf7 19. Red1 e6 20. Nc3 Qd7 21. Bb1 Rfd8
22. f4 Bh6 23. Be3 Ne7 24. Qf2 Kh8 25. Nb5 d5 26. Bd4 Bg7 27. Qb2 Ng8 28. e5 f5
29. Nd6 Rc7 30. cxd5 Rxc1 31. Rxc1 Nh6 32. Nxf7+ Nxf7 33. d6 Rc8 34. Rxc8+ Qxc8
35. Bd3 Qd7 36. Qc3 Kg8 37. Qc7 Qe8 38. a4 Qd8 39. Bc4 1-0

[Event "Asian Nations Cup w 2016"]
[Site "Abu Dhabi UAE"]
[Date "2016.03.28"]
[Round "1.3"]
[White "Jehad, Aysha"]
[Black "Tokhirjonova, Gulrukhbegim"]
[Result "0-1"]
[BlackTitle "WIM"]
[WhiteElo "1597"]
[BlackElo "2259"]
[WhiteTeam "UAE - 2"]
[BlackTeam "Uzbekistan"]
[WhiteFideId "9303286"]
[BlackFideId "14203626"]
[EventDate "2016.03.28"]
[EventType "team"]

1. e4 e5 2. Nf3 Nc6 3. Bb5 a6 4. Ba4 Nf6 5. O-O Be7 6. Re1 b5 7. Bb3 O-O 8. c3
d6 9. d4 Bg4 10. d5 Na5 11. Bc2 c6 12. a4 cxd5 13. exd5 Nc4 14. Nbd2 Nb6 15. a5
Nbxd5 16. Ne4 Nc7 17. h3 Bh5 18. Ng3 Bg6 19. Nf5 Bxf5 20. Bxf5 g6 21. Bc2 Ne6
22. Be3 Qc7 23. Bb6 Qc6 24. Rc1 Bd8 25. Bxd8 Raxd8 26. Qe2 Nf4 27. Qe3 Rfe8 28.
Rcd1 Kg7 29. Be4 Nxe4 30. Qxe4 Qxe4 31. Rxe4 f6 32. h4 d5 33. Re3 Ne6 34. Ne1 d4
35. cxd4 Nxd4 36. Red3 Rd6 37. Nc2 Red8 38. Kf1 Kf7 39. f4 Ke6 40. Nxd4+ Rxd4
41. Rxd4 Rxd4 42. Rxd4 exd4 43. Ke2 Kd5 44. Kd3 f5 45. b3 b4 46. g3 h5 47. Kd2
Ke4 48. Ke2 d3+ 49. Kd2 Kd4 50. Kd1 0-1

[Event "Asian Nations Cup w 2016"]
[Site "Abu Dhabi UAE"]
[Date "2016.03.28"]
[Round "1.4"]
[White "Baymuratova, Sevara"]
[Black "Al-Moaamari, Mozah"]
[Result "1-0"]
[WhiteTitle "WIM"]
[WhiteElo "2156"]
[BlackElo "1607"]
[WhiteTeam "Uzbekistan"]
[BlackTeam "UAE - 2"]
[WhiteFideId "14202182"]
[BlackFideId "9307010"]
[EventDate "2016.03.28"]
[EventType "team"]

1. d4 d5 2. Nf3 Nf6 3. c4 c6 4. Nc3 e6 5. Bg5 Nbd7 6. e3 Bd6 7. Bd3 dxc4 8. Bxc4
a6 9. a4 Qc7 10. O-O c5 11. Qe2 cxd4 12. exd4 O-O 13. Bd3 b6 14. Ne4 Be7 15.
Nxf6+ Nxf6 16. Bxf6 Bxf6 17. Qe4 g6 18. Qxa8 Bb7 19. Qa7 Ra8 20. Rac1 Qxc1 21.
Qxa8+ Bxa8 22. Rxc1 Bd5 23. Ne5 a5 24. Rc8+ Kg7 25. Bb5 Bg5 26. Rc7 Kg8 27. Nxf7
Bf4 28. Rd7 Bc1 29. g4 g5 30. Nh6+ Kh8 31. Bd3 1-0

[Event "Asian Nations Cup w 2016"]
[Site "Abu Dhabi UAE"]
[Date "2016.03.28"]
[Round "1.1"]
[White "Khademalsharieh, Sarasadat"]
[Black "Nomin-Erdene, Davaademberel"]
[Result "1-0"]
[WhiteTitle "IM"]
[BlackTitle "IM"]
[WhiteElo "2450"]
[BlackElo "2489"]
[WhiteTeam "Iran"]
[BlackTeam "Mongolia"]
[WhiteFideId "12512214"]
[BlackFideId "4900782"]
[EventDate "2016.03.28"]
[EventType "team"]

1. d4 d5 2. c4 c6 3. cxd5 cxd5 4. Bf4 Nf6 5. Nc3 Qb6 6. e3 Qxb2 7. Bb5+ Nc6 8.
Nge2 Bf5 9. O-O a6 10. Bxc6+ bxc6 11. Rc1 Qb7 12. Na4 Nd7 13. Rc3 f6 14. Rb3 Qc8
15. Qc1 e5 16. Bg3 c5 17. dxc5 Qc6 18. Nb6 Rd8 19. Nxd7 Bxd7 20. Rc3 Rc8 21. f4
Qb5 22. Qd2 Bxc5 23. fxe5 O-O 24. exf6 Bb4 25. Rxc8 Bxc8 26. Qc2 gxf6 27. Nd4
Qc4 28. Qf2 Bc5 29. Bh4 Bxd4 30. exd4 f5 31. Qg3+ Kf7 32. Qe5 Re8 33. Qf6+ Kg8
34. Bg3 Rf8 35. Qg5+ Kf7 36. Be5 Ke8 37. Rc1 1-0

[Event "Asian Nations Cup w 2016"]
[Site "Abu Dhabi UAE"]
[Date "2016.03.28"]
[Round "1.2"]
[White "Munguntuul, Batkhuyag"]
[Black "Pourkashiyan, Atousa"]
[Result "1/2-1/2"]
[WhiteTitle "IM"]
[BlackTitle "WGM"]
[WhiteElo "2444"]
[BlackElo "2372"]
[WhiteTeam "Mongolia"]
[BlackTeam "Iran"]
[WhiteFideId "4900758"]
[BlackFideId "12502014"]
[EventDate "2016.03.28"]
[EventType "team"]

1. d4 Nf6 2. Nf3 d5 3. Bg5 e6 4. Nbd2 Be7 5. e3 b6 6. c3 O-O 7. Bd3 Ba6 8. Bxa6
Nxa6 9. Ne5 Nb8 10. O-O Nfd7 11. Bxe7 Qxe7 12. Nxd7 Nxd7 13. e4 dxe4 14. Nxe4 c5
15. dxc5 Nxc5 16. Qe2 Nxe4 17. Qxe4 Rad8 18. Rad1 Rd7 19. h3 Rfd8 20. Rxd7 Qxd7
21. Re1 h6 22. Re2 Qd1+ 23. Re1 Qd2 24. Qe2 g6 25. Kh2 h5 26. h4 Qh6 27. Qe4 Rd2
28. Re2 Rd1 29. Re1 Rd2 30. Re2 Rd1 31. Re1 Rd7 32. Re3 Rd2 33. Re2 Rd1 34. Re1
Rd2 35. Re2 1/2-1/2

[Event "Asian Nations Cup w 2016"]
[Site "Abu Dhabi UAE"]
[Date "2016.03.28"]
[Round "1.3"]
[White "Hejazipour, Mitra"]
[Black "Batchimeg, Tuvshintugs"]
[Result "1-0"]
[WhiteTitle "WGM"]
[BlackTitle "IM"]
[WhiteElo "2332"]
[BlackElo "2395"]
[WhiteTeam "Iran"]
[BlackTeam "Mongolia"]
[WhiteFideId "12505951"]
[BlackFideId "4900839"]
[EventDate "2016.03.28"]
[EventType "team"]

1. d4 Nf6 2. c4 g6 3. g3 Bg7 4. Bg2 d5 5. cxd5 Nxd5 6. e4 Nb6 7. Ne2 O-O 8. O-O
Nc6 9. d5 Na5 10. Qe1 Nac4 11. Nbc3 c6 12. dxc6 bxc6 13. f4 Nd7 14. b3 Ncb6 15.
Ba3 Re8 16. e5 Bb7 17. Rd1 e6 18. Ne4 Nd5 19. N2c3 Qb6+ 20. Qf2 Red8 21. Na4
Qxf2+ 22. Kxf2 Ba6 23. Rfe1 Bb5 24. Nac3 Ba6 25. Rc1 N7b6 26. Nd6 g5 27. f5 Nd7
28. Nxd5 cxd5 29. Nxf7 Kxf7 30. fxe6+ Kxe6 31. Bh3+ Kf7 32. e6+ Kg6 33. exd7 Bd3
34. Bc5 Be4 35. Be7 Rf8+ 36. Bxf8 Rxf8+ 37. Ke3 Rf3+ 38. Kd2 Rd3+ 39. Ke2 Bd4
40. Rc6+ Kg7 41. d8=Q 1-0

[Event "Asian Nations Cup w 2016"]
[Site "Abu Dhabi UAE"]
[Date "2016.03.28"]
[Round "1.4"]
[White "Enkhtuul, Altan-Ulzii"]
[Black "Zahedifar, Anahita"]
[Result "1-0"]
[WhiteTitle "WGM"]
[BlackTitle "WFM"]
[WhiteElo "2209"]
[BlackElo "2112"]
[WhiteTeam "Mongolia"]
[BlackTeam "Iran"]
[WhiteFideId "4901444"]
[BlackFideId "12560715"]
[EventDate "2016.03.28"]
[EventType "team"]

1. d4 d5 2. Nf3 Nf6 3. g3 Bf5 4. Bg2 e6 5. O-O c6 6. Nbd2 Nbd7 7. c3 Be7 8. Nh4
Bg6 9. Nxg6 hxg6 10. e4 dxe4 11. Nxe4 Nxe4 12. Bxe4 Nf6 13. Bg2 Qd7 14. a4 O-O-O
15. b4 e5 16. b5 c5 17. Qb3 exd4 18. cxd4 cxd4 19. b6 a6 20. Bf4 Bd6 21. Rfc1+
Kb8 22. Rc7 Bxf4 23. Rxd7 Rxd7 24. gxf4 d3 25. Rd1 d2 26. Qc3 Rc8 27. Qe5+ Ka8
28. Qe2 Kb8 29. Bh3 1-0

[Event "Asian Nations Cup w 2016"]
[Site "Abu Dhabi UAE"]
[Date "2016.03.28"]
[Round "1.1"]
[White "Saleh, Nora Mohd"]
[Black "Tania, Sachdev"]
[Result "0-1"]
[WhiteTitle "WIM"]
[BlackTitle "IM"]
[WhiteElo "1920"]
[BlackElo "2370"]
[WhiteTeam "UAE - 1"]
[BlackTeam "India"]
[WhiteFideId "9301607"]
[BlackFideId "5007844"]
[EventDate "2016.03.28"]
[EventType "team"]

1. e4 e5 2. Nf3 Nc6 3. Bb5 a6 4. Ba4 Nf6 5. O-O Be7 6. d3 b5 7. Bb3 O-O 8. Nc3
d6 9. h3 Na5 10. Nd5 Nxd5 11. Bxd5 c6 12. Bb3 Nxb3 13. axb3 f5 14. Bd2 Qe8 15.
Re1 Qg6 16. Kh2 fxe4 17. dxe4 d5 18. Bc3 Bd6 19. Qe2 dxe4 20. Nd2 b4 21. Bxb4
Bxb4 22. Qc4+ Be6 23. Qxb4 Rxf2 24. Rg1 Qh6 0-1

[Event "Asian Nations Cup w 2016"]
[Site "Abu Dhabi UAE"]
[Date "2016.03.28"]
[Round "1.2"]
[White "Padmini, Rout"]
[Black "Al-Zarouni, Kholoud Essa"]
[Result "1-0"]
[WhiteTitle "IM"]
[BlackTitle "WIM"]
[WhiteElo "2439"]
[BlackElo "1861"]
[WhiteTeam "India"]
[BlackTeam "UAE - 1"]
[WhiteFideId "5029295"]
[BlackFideId "9301194"]
[EventDate "2016.03.28"]
[EventType "team"]

1. e4 e5 2. Nf3 Nc6 3. Bb5 a6 4. Ba4 Nf6 5. O-O b5 6. Bb3 Bb7 7. d3 Bd6 8. a4
O-O 9. Nc3 b4 10. Ne2 Na5 11. Ba2 h6 12. Ng3 Re8 13. Bd2 c5 14. h3 Bf8 15. Re1
Rc8 16. Bc4 Qc7 17. Nh2 d5 18. exd5 Nxd5 19. Bxd5 Bxd5 20. Ng4 Kh8 21. b3 Nc6
22. Ne3 Be6 23. Bc1 Nd4 24. Bb2 Qd7 25. Bxd4 exd4 26. Nef1 Bd5 27. Qg4 Qc6 28.
Nh5 Be6 29. Qg3 Bf5 30. Nd2 g6 31. Qf4 Qd6 32. Qf3 Qc6 33. Qxc6 Rxe1+ 34. Rxe1
Rxc6 35. Ng3 Be6 36. f3 Bg7 37. Kf2 Kh7 38. f4 f5 39. Nf3 Bf6 40. Ne5 Rd6 41.
Nf1 Bxe5 42. Rxe5 Rc6 43. Kf3 Kg7 44. g4 Kf6 45. gxf5 Bxf5 46. h4 g5 47. hxg5+
hxg5 48. Ng3 g4+ 49. Kg2 Bg6 50. Ne4+ Bxe4+ 51. Rxe4 Re6 52. Rxe6+ Kxe6 53. Kg3
Kf5 54. a5 1-0

[Event "Asian Nations Cup w 2016"]
[Site "Abu Dhabi UAE"]
[Date "2016.03.28"]
[Round "1.3"]
[White "Abeer, Ali"]
[Black "Soumya, Swaminathan"]
[Result "0-1"]
[WhiteTitle "WCM"]
[BlackTitle "WGM"]
[WhiteElo "1644"]
[BlackElo "2384"]
[WhiteTeam "UAE - 1"]
[BlackTeam "India"]
[WhiteFideId "9302930"]
[BlackFideId "5016193"]
[EventDate "2016.03.28"]
[EventType "team"]

1. e4 c5 2. Nc3 d6 3. f4 Nc6 4. Nf3 g6 5. Bb5 Bd7 6. O-O Bg7 7. d3 a6 8. Bxc6
Bxc6 9. Qe1 Qd7 10. Qh4 O-O-O 11. Bd2 f5 12. Rab1 Nf6 13. Qe1 Rhe8 14. Ng5 e5
15. fxe5 Rxe5 16. Qh4 fxe4 17. Ncxe4 Nxe4 18. dxe4 Re7 19. c3 h6 20. Nh3 Rxe4
21. Qf2 Rg4 22. g3 Qe6 23. Nf4 Qe4 24. Qg2 Rxf4 25. Qxe4 Rxe4 0-1

[Event "Asian Nations Cup w 2016"]
[Site "Abu Dhabi UAE"]
[Date "2016.03.28"]
[Round "1.4"]
[White "Kulkarni, Bhakti"]
[Black "Wadima, Humaid S H AlKalbani"]
[Result "1-0"]
[WhiteTitle "CM"]
[BlackTitle "WFM"]
[WhiteElo "2284"]
[BlackElo "1629"]
[WhiteTeam "India"]
[BlackTeam "UAE - 1"]
[WhiteFideId "5019516"]
[BlackFideId "9304541"]
[EventDate "2016.03.28"]
[EventType "team"]

1. d4 Nf6 2. c4 g6 3. Nc3 d5 4. Nf3 Bg7 5. Qb3 dxc4 6. Qxc4 O-O 7. e4 Nbd7 8.
Be2 Nb6 9. Qb3 Bg4 10. Be3 e6 11. O-O c6 12. a4 Qc7 13. Rac1 Rad8 14. Rfd1 Qb8
15. Bg5 h6 16. Bh4 g5 17. Bg3 Qc8 18. h3 Bh5 19. a5 Nbd7 20. Bd6 Rfe8 21. a6 Nb6
22. e5 Nfd5 23. Ne4 Bf8 24. Bxf8 Rxf8 25. Nd6 Qd7 26. axb7 Nc7 27. h4 g4 28. Nd2
Ne8 29. N2e4 f5 30. Nc5 Qe7 31. Nxe6 Bf7 32. Nxf7 Qxf7 33. Nxd8 1-0

[Event "Asian Nations Cup w 2016"]
[Site "Abu Dhabi UAE"]
[Date "2016.03.29"]
[Round "2.1"]
[White "Ju, Wenjun"]
[Black "Harika, Dronavalli"]
[Result "1/2-1/2"]
[WhiteTitle "GM"]
[BlackTitle "GM"]
[WhiteElo "2568"]
[BlackElo "2515"]
[WhiteTeam "China"]
[BlackTeam "India"]
[WhiteFideId "8603006"]
[BlackFideId "5015197"]
[EventDate "2016.03.28"]
[EventType "team"]

1. c4 c5 2. Nc3 Nc6 3. g3 g6 4. Bg2 Bg7 5. e3 e6 6. Nge2 Nge7 7. d4 cxd4 8. exd4
d5 9. cxd5 Nxd5 10. O-O O-O 11. h4 b6 12. Bg5 Qd7 13. Nxd5 exd5 14. Nc3 Nxd4 15.
Re1 h6 16. Bxh6 Bxh6 17. Qxd4 Bb7 18. Nxd5 Bxd5 19. Bxd5 Bg7 20. Qd3 Rae8 21.
Rxe8 Rxe8 22. Rd1 Kf8 23. b4 Rd8 24. b5 Bf6 25. Qf3 Kg7 26. a4 Qf5 27. Qxf5 gxf5
28. f4 Be7 29. Kg2 Bc5 30. Kf3 Kf6 31. Rd3 Rd6 32. h5 Kg7 33. g4 fxg4+ 34. Kxg4
Kf6 35. Rd1 Rd8 36. Kf3 Kg7 37. Ke4 Kh6 38. Rd3 Rd7 39. Ke5 Bf8 40. f5 Bd6+ 41.
Ke4 Re7+ 42. Kf3 Be5 43. Re3 f6 44. Be6 Kxh5 45. Re1 Rc7 46. Rh1+ Kg5 47. Rg1+
Kh6 48. Ke4 Rc3 49. Rh1+ Kg7 50. Rd1 Rc7 51. Rd8 Kh6 52. Ra8 Bb2 53. Bb3 Be5 54.
Bd5 Re7 55. Be6 Rc7 56. Bd5 Re7 57. Be6 Rc7 1/2-1/2